000 00364 a2200169 4500
001 182077
020 _a85-357-0322-5
040 _cMagnum
100 _aNoronha, Teresa
240 1 0 _aO príncipe fantasma
_lpor
245 1 0 _aO príncipe fantasma
300 _a88
362 0 _a2003
440 1 _aAtual Editora
697 _aLITERATURA JUVENIL
942 _cBK
999 _c182077
_d182077